| 000 | 01451cam a2200349 a 4500 | ||
|---|---|---|---|
| 999 |
_c3858 _d3858 |
||
| 001 | 4492960 | ||
| 003 | OSt | ||
| 005 | 20220218085412.0 | ||
| 008 | 980219s1998 ne a b 101 0 eng | ||
| 010 | _a 97078103 | ||
| 020 | _a9051993862 (IOS Press) | ||
| 020 | _a4274902102 (Ohmsha) | ||
| 040 |
_aDLC _cALUPE UNIVERSITY _dDLC |
||
| 050 | 0 | 0 |
_aR859 _b.M43 1998 |
| 082 | 0 | 0 |
_a610/.28 _221 |
| 111 | 2 |
_aMedicine Meets Virtual Reality _n(6th : _d1998 : _cSan Diego, Calif.) |
|
| 245 | 1 | 0 |
_aMedicine meets virtual reality : _bart, science, technology: healthcare (r)evolution / _cedited by James D. Westwood ... [et al.]. |
| 260 |
_aAmsterdam ; _aWashington, D.C. : _bIOS Press, _cc1998. |
||
| 300 |
_axv, 409 p. : _bill. ; _c25 cm. |
||
| 440 | 0 |
_aStudies in health technology and informatics ; _vv. 50 |
|
| 500 | _a"Proceedings of Medicine Meets Virtual Reality 6, San Diego, California, January 28-31, 1998." | ||
| 504 | _aIncludes bibliographical references and index. | ||
| 650 | 0 |
_aComputer vision in medicine _xCongresses. |
|
| 650 | 0 |
_aVirtual reality in medicine _xCongresses. |
|
| 650 | 0 |
_aRobotics in medicine _xCongresses. |
|
| 650 | 0 |
_aSurgery _xData processing _xCongresses. |
|
| 700 | 1 | _aWestwood, James D. | |
| 906 |
_a7 _bcbc _corignew _d2 _eopcn _f19 _gy-gencatlg |
||
| 942 |
_2lcc _cBK _nBA |
||